| 000 | 00000nam##2200000za#4500 |
| 001 | 9.662826 |
| 003 | CaOODSP |
| 005 | 20200330091841 |
| 007 | ta |
| 008 | 150407|1999||||xxc||||| f|0| 0 fre|d |
| 020 | |a0-662-65787-X |
| 040 | |aCaOODSP|bfre |
| 041 | |aeng |
| 041 | |afre |
| 043 | |an-cn--- |
| 086 | 1 |aE2-356/1999 |
| 110 | 1 |aCanada.|bAffaires étrangères et Commerce international. |bCentre canadien pour le développement de la politique étrangère. |
| 245 | 10|aRapport de la Table Ronde sur le Canada, l'OTAN et les Nations Unies : |bles enseignements à tirer de la crise du Kosovo / |
| 260 | |aOttawa - Ontario : |bAffaires étrangères et Commerce international. |c2001. |
| 300 | |aTexte français, 7p. ; |c28 cm. |
| 546 | |aBilingue |
| 563 | |aCouverture souple |
| 590 | |a01-48|b2001-11-30 |
| 720 | 1 |aGeislerova, Marketa |
| 776 | 0#|tRapport de la table ronde sur le Canada, l'OTAN et les Nations Unies : |w(CaOODSP)9.630619 |
| 776 | 0#|tReport from the Roundtable on Canada, NATO and the United Nations : |w(CaOODSP)9.686102 |
| 791 | |tReport from the Round Table on Canada, NATO and the United Nations : |eeng|w(CaOODSP)9.662825 |
| 986 | |a1005.3F |